| 000 | 01300nam a2200361 i 4500 | ||
|---|---|---|---|
| 003 | EG-GICUC | ||
| 005 | 20260426083612.0 | ||
| 008 | 260426s18871908fr ||||fr|||| 00| 0 fre d | ||
| 040 |
_aEG-GiCUC _bfre _cEG-GiCUC _dEG-GiCUC _eRda |
||
| 041 | 0 | _afre | |
| 082 | 0 | 4 |
_221 _a343.1 _bCH . T |
| 092 | 0 | 4 | _221 |
| 099 | _aLaw1 10 343.1 CH . T 6 ed - 1908 | ||
| 100 | 1 |
_aChauveau , A _eAuteur |
|
| 245 | 1 | 0 |
_aThéorie Du Code Pénal. _nTome III / _cpar A. Chauveau et Faustin-Hélie ; annotée par Edmond Villey ; augmentée d’un supplément par E. Mesnar |
| 250 | _aSixième édition annotée | ||
| 264 | 3 |
_aParis : _bImprimerie et Librairie générale de jurisprudence Marchal et Billard, _c1908. |
|
| 300 |
_a603 page ; _c22cm. _billustration ; |
||
| 336 |
_2rda contenu _a texte |
||
| 337 |
_2rda medias _aOrdinateur |
||
| 338 |
_2 transporteur rda _a Ressource en ligne |
||
| 504 | _aComprend des références bibliographiques. | ||
| 546 | _aTexte en français | ||
| 650 | 1 | 4 |
_aDroit pénal _2qrmak |
| 651 | 1 | _2qrmak | |
| 700 | 1 |
_aFaustin-Hélie _eAuteur |
|
| 700 | 1 |
_aVilley, Edmond _eAnnotateur |
|
| 700 | 1 |
_aMesnard , E. _eCo-Auteur |
|
| 700 | 1 |
_aMesnard, E. _eCo-Auteur |
|
| 856 | 4 | 0 | _uhttps://fll.law.cu.edu.eg/fulltext/bks/B10-10550.pdf |
| 905 | _a74 | ||
| 942 |
_2ddc _cBK _e21 _n0 |
||
| 999 |
_c73396 _d73396 |
||